|
|
|
|
| LEADER |
00000nab a2200000 a 4500 |
| 001 |
vtls000915661 |
| 003 |
SK-MaSNL |
| 005 |
20260304023356.0 |
| 008 |
040720e19920603xo 0 slo |
| 035 |
|
|
|a KE24544
|
| 040 |
|
|
|a KEVKJB
|b slo
|c KEVKJB
|e AACR2
|
| 041 |
0 |
|
|a slo
|
| 044 |
|
|
|a xo
|c SK
|
| 080 |
|
|
|a 352
|2 1981
|
| 100 |
1 |
|
|a Švigárová, Anna
|4 aut
|9 873215
|
| 245 |
1 |
0 |
|a Košický večer na návšteve mestskej časti Západ
|
| 590 |
|
|
|a Rendek, Anton
|b starosta
|
| 600 |
1 |
7 |
|a Rendek, Anton
|2 KEVKJB
|9 884519
|
| 650 |
0 |
7 |
|a mestské časti
|2 KEVKJB
|9 30863
|
| 650 |
0 |
7 |
|a rozhovory
|2 KEVKJB
|9 453585
|
| 650 |
0 |
7 |
|a problémy sídliskové
|2 KEVKJB
|9 884361
|
| 650 |
0 |
7 |
|a plány
|2 KEVKJB
|9 939
|
| 650 |
0 |
7 |
|a reportáže celostránkové
|2 KEVKJB
|9 880604
|
| 651 |
|
7 |
|a Západ (Košice II, Slovensko)
|2 KEVKJB
|9 168689
|
| 651 |
|
7 |
|a KE,
|2 KEVKJB
|9 877256
|
| 655 |
|
7 |
|a periodikum
|2 snkbucl
|9 29553
|
| 773 |
0 |
8 |
|t Košický večer
|g Roč. 3
|g Roč. 28, č.107, 3.6.1992, s. 3
|
| 852 |
|
|
|a ZVYKNI
|b KIS3GCP
|
| 999 |
|
|
|c 2616021
|d 2617951
|